00781cam a22002293a 45000010005000000030006000050050017000110080041000280400015000690420007000840500007000911000055000982450140001532600029002935060030003225160020003526530034003726530030004066530046004368300028004828560041005103846PGUSA20140828083039.0040824s2004||||xxu|||||s|||||000 | eng d aPGUSAbeng adc 4aDC1 aRetz, Jean François Paul de Gondi de,d1613-167910aMemoirs of Jean François Paul de Gondi, Cardinal de Retz — Completeh[electronic resource] /cJean François Paul de Gondi de Retz bProject Gutenberg,c2004 aPublic domain in the USA. aElectronic text aFrance -- Court and courtiers aMazarin, Jules, 1602-1661 aFrance -- History -- Louis XIV, 1643-1715 0aProject Gutenbergv384640uhttp://www.gutenberg.org/ebooks/3846